00365nam a2200145Ia 4500008004100000020001800041082001700059100001700076245003800093250000600131260002800137300001600165500002400181650001400205230524s9999 xx 000 0 und d a9789380578859 a620.106bSAW aG.S. Sawhney 0aFundamentals of Fluid Mechanics  a2 bI.K.Internationalc2012 a"VII,753p;" aQuantity Number: 1 aMechanics